000 00963nam0a2200301 4500
001 RU\NLR\bibl\44041
005 20250616081650.0
010 _a5-259-00046-3
_910000
021 _aRU
_b99-21764
_91061
035 _a(NLR Aleph) 000042945
090 _a225802
_c225802
100 _a19990819d1999 |||y0rusy50 ca
101 0 _arus
102 _aRU
105 _aa |||||||||
200 1 _aВегето-сосудистая дистония
_fАнна Кучанская
210 _aЭлиста
_cЗАО "Весь"
_d1999
215 _a96 с.
_cил.
_d20
225 1 _aКурсы естественной медицины
606 0 _aНейроциркуляторная дистония
_91014244
_3RU\NLR\auth\6668932
686 _aР628.063.0
700 1 _aКучанская
_bА. В
_gАнна
_4070
801 0 _aRU
_bNLR
_c19990819
_gPSBO
801 1 _aRU
_bNLR
_c19990819
852 _aNLR
_j99-4/5115
942 _cBOOK
980 _aNB